[Event "40. Turnaj sachovych nadeji - U15"]
[Site "ND Frydek-Mistek, Czech Republic"]
[Date "2019.04.21"]
[Round "7"]
[White "Nytra, Ondrej"]
[Black "Paleri, Adithya P"]
[Result "1/2-1/2"]
[WhiteElo "1896"]
[BlackElo "1800"]
[PlyCount "0"]
[EventDate "2019.04.18"]

1. e4 d6 2. d4 Nf6 3. Nc3 g6 4. f4 Bg7 5. Nf3 c5 6. dxc5 Qa5 7. Bb5+ Bd7 8.
Bxd7+ Nbxd7 9. O-O Qxc5+ 10. Kh1 O-O 11. Qe1 b6 12. e5 dxe5 13. fxe5 Ng4 14. e6
Nde5 15. Nxe5 Qxe5 16. Qxe5 Bxe5 17. h3 fxe6 18. Bg5 Nf6 19. Rae1 Bg3 20. Re3
Ng4 21. Ref3 Nf2+ 22. Kg1 Rxf3 23. gxf3 Nxh3+ 24. Kg2 Nxg5 25. Kxg3 Rd8 26. Re1
Rd2 27. Re5 Nf7 28. Rxe6 Kf8 29. Rc6 Rxc2 30. Rc8+ Kg7 31. Rc7 e5 32. Rxa7 Rxb2
33. Ne4 Kf8 34. Nf6 h6 35. Nd7+ Kg8 36. a4 Rb4 37. Nf6+ Kg7 38. Nd7 Kg8 39.
Nf6+ Kg7 40. Nd7 1/2-1/2

[Event "40. Turnaj sachovych nadeji - U15"]
[Site "ND Frydek-Mistek, Czech Republic"]
[Date "2019.04.22"]
[Round "8"]
[White "Kesterson, Kennan"]
[Black "Rokos, Filip"]
[Result "1/2-1/2"]
[WhiteElo "1704"]
[BlackElo "1835"]
[PlyCount "0"]
[EventDate "2019.04.18"]

1. e4 e6 2. d4 d5 3. Nd2 c5 4. exd5 Qxd5 5. Ngf3 cxd4 6. Bc4 Qd8 7. O-O a6 8.
Nb3 Nc6 9. Nbxd4 Nxd4 10. Nxd4 Qc7 11. Bb3 Bd6 12. h3 Ne7 13. c3 Bd7 14. a4 Ng6
15. Re1 O-O 16. Be3 Rad8 17. Bc2 Bc6 18. Bxg6 hxg6 19. Qc2 Bd5 20. a5 Rc8 21.
Red1 Bc5 22. Qe2 Be7 23. Nf3 Bf6 24. Bd4 Rfe8 25. Ne5 Bxe5 26. Bxe5 Qc6 27. f3
f6 28. Bg3 Rcd8 29. f4 Bb3 30. Rd2 Rd5 31. Bf2 Red8 32. Rxd5 Qxd5 33. Bb6 Rd7
34. Re1 Kf7 35. Qe3 Qd2 36. Re2 Qd1+ 1/2-1/2

[Event "40. Turnaj sachovych nadeji - U15"]
[Site "ND Frydek-Mistek, Czech Republic"]
[Date "2019.04.22"]
[Round "8"]
[White "Frank, Adam"]
[Black "Nytra, Ondrej"]
[Result "1-0"]
[WhiteElo "2015"]
[BlackElo "1896"]
[PlyCount "0"]
[EventDate "2019.04.18"]

1. e4 e5 2. Nf3 Nc6 3. Bb5 a6 4. Ba4 Nf6 5. O-O Be7 6. Re1 b5 7. Bb3 d6 8. c3
O-O 9. h3 a5 10. d4 a4 11. Bc2 Bd7 12. Nbd2 Re8 13. Nf1 Bf8 14. Bg5 h6 15. Bh4
g5 16. Bg3 Bg7 17. dxe5 Nxe5 18. Nxe5 dxe5 19. Ne3 Bc6 20. Qf3 Qe7 21. Nf5 Qc5
22. Nxh6+ Bxh6 23. Qxf6 Re6 24. Qf5 b4 25. Bd1 bxc3 26. bxc3 Qxc3 27. Bh5 Be8
28. Rac1 Qa5 29. Red1 c6 30. Bxf7+ Bxf7 31. Rd7 Rf8 32. Rxf7 Rxf7 33. Qxe6 Bf8
34. Qxc6 g4 35. Qg6+ Rg7 36. Qe6+ Rf7 37. Qxg4+ Rg7 38. Qe6+ Rf7 39. Bxe5 Qa7
40. Qg6+ Bg7 41. Rc8+ Rf8 42. Rxf8+ Kxf8 43. Qxg7+ Qxg7 44. Bxg7+ Kxg7 45. f4
Kf6 46. g4 a3 47. g5+ Kg6 48. Kg2 Kh5 49. Kg3 Kg6 50. Kg4 Kg7 51. f5 Kf7 52.
g6+ Kf6 53. e5+ Kg7 54. Kg5 Kh8 55. Kh6 Kg8 56. f6 Kh8 57. e6 Kg8 58. e7 Kh8
59. e8=R# 1-0

[Event "40. Turnaj sachovych nadeji - U15"]
[Site "ND Frydek-Mistek, Czech Republic"]
[Date "2019.04.22"]
[Round "8"]
[White "Saidmurodov, Shahjahon"]
[Black "Mach, Petr"]
[Result "0-1"]
[WhiteElo "1775"]
[BlackElo "2022"]
[PlyCount "0"]
[EventDate "2019.04.18"]

1. d4 d5 2. c4 c6 3. Nf3 e6 4. Nc3 dxc4 5. a4 Bb4 6. Bd2 Bxc3 7. Bxc3 Nf6 8.
Ne5 b5 9. e3 O-O 10. axb5 cxb5 11. Bb4 Re8 12. b3 Bb7 13. bxc4 bxc4 14. Bxc4
Bxg2 15. Rg1 Be4 16. Bb5 Qb6 17. Qe2 a6 18. Ng4 Nbd7 19. Nh6+ Kh8 20. Nxf7+ Kg8
21. Nh6+ Kh8 22. Nf7+ Kg8 23. Nd6 axb5 24. Rc1 Bg6 25. Nxe8 Rxe8 26. f3 Nd5 27.
Bc5 Nxc5 28. dxc5 Qa5+ 29. Kf2 Nc3 30. Qb2 b4 31. Rg4 Nd5 32. h4 Ra8 33. Qe5
Qa2+ 34. Kg1 Qd2 35. Rf1 Qxe3+ 36. Qxe3 Nxe3 37. Rxb4 Nxf1 38. Kxf1 Rc8 39. Rb6
Rxc5 40. Rxe6 Rc4 41. Re7 Rxh4 42. Kg2 Rb4 43. Rc7 h5 44. Ra7 Kh7 45. Kh2 Kh6
46. Ra5 Bf7 47. Kg3 g5 48. Ra6+ Bg6 49. Rd6 Rb3 50. Kg2 h4 51. Rd8 Rb2+ 52. Kg1
h3 53. Rh8+ Bh7 54. Rc8 Kh5 55. Re8 Kh4 56. Re1 Bg6 57. Ra1 Kg3 58. Kh1 h2 59.
Rd1 Bh5 60. Rf1 Rb1 61. Rxb1 Bxf3# 0-1

[Event "40. Turnaj sachovych nadeji - Pobeskydi Open"]
[Site "ND Frydek-Mistek, Czech Republic"]
[Date "2019.04.18"]
[Round "1"]
[White "Mica, Marek"]
[Black "Burdalev, Kirill"]
[Result "0-1"]
[WhiteElo "2139"]
[BlackElo "2389"]
[PlyCount "0"]
[EventDate "2019.04.18"]

1. d4 Nf6 2. c4 c5 3. d5 e6 4. Nc3 exd5 5. cxd5 d6 6. Nf3 g6 7. Nd2 Nbd7 8. e4
Bg7 9. Be2 O-O 10. O-O Re8 11. Re1 a6 12. a4 Rb8 13. f4 h5 14. h3 Nb6 15. a5
Na8 16. Bf3 b5 17. axb6 Nxb6 18. Na4 Nfd7 19. Kh2 Nxa4 20. Rxa4 Nb6 21. Ra3 Qh4
22. Nf1 Nxd5 23. f5 Nb4 24. g3 Be5 25. Kg2 Qf6 26. fxg6 fxg6 27. Qe2 Be6 28.
Ne3 Nc6 29. Qxa6 Bxh3+ 30. Kxh3 Qxf3 31. Qc4+ Kh8 32. Nd5 Qg4+ 33. Kg2 h4 34.
Rh1 g5 35. Rh3 Rf8 36. Qd3 Bd4 37. Qc2 Rf2+ 38. Qxf2 Bxf2 39. Bxg5 Qxg5 40.
Rxh4+ Kg7 41. Ra6 Qxg3+ 0-1

[Event "40. Turnaj sachovych nadeji - Pobeskydi Open"]
[Site "ND Frydek-Mistek, Czech Republic"]
[Date "2019.04.18"]
[Round "1"]
[White "Bakalarz, Mietek"]
[Black "Vojta, Jakub"]
[Result "1-0"]
[WhiteElo "2268"]
[BlackElo "2094"]
[PlyCount "0"]
[EventDate "2019.04.18"]

1. d4 d5 2. Nf3 Nf6 3. Bf4 c5 4. e3 Nc6 5. dxc5 Bg4 6. h3 Bxf3 7. Qxf3 Qa5+ 8.
c3 e5 9. Bh2 Ne4 10. Bd3 Nxc5 11. Bc2 Qb5 12. b4 Nd3+ 13. Bxd3 Qxd3 14. Qe2
Qxe2+ 15. Kxe2 a6 16. Rd1 O-O-O 17. Nd2 g6 18. e4 d4 19. Nc4 dxc3 20. Rxd8+
Kxd8 21. Nxe5 Ke8 22. Nxc6 bxc6 23. Be5 Rg8 24. Bxc3 g5 25. Rd1 Rg6 26. Rd3 Re6
27. Kf3 h5 28. e5 c5 29. bxc5 Bxc5 30. Rd5 Bb6 31. Bd2 f6 32. Be3 Ke7 33. exf6+
Rxf6+ 34. Ke2 Bxe3 35. fxe3 Rg6 36. Ra5 g4 37. h4 Rf6 38. Rg5 Rb6 39. Kf2 Rb2+
40. Kg3 Rxa2 41. Rxh5 Kf6 42. e4 a5 43. Rf5+ Kg6 44. Rg5+ Kh6 45. Rxg4 a4 46.
Rg5 a3 47. Ra5 Ra1 48. Kg4 a2 49. Ra6+ Kg7 50. Kg5 Kf7 51. g4 Ke7 52. h5 Kf7
53. h6 Re1 54. Ra7+ Kg8 55. Rxa2 Rxe4 56. Kh5 Re1 57. g5 Rb1 58. Ra8+ Kf7 59.
g6+ 1-0

[Event "40. Turnaj sachovych nadeji - Pobeskydi Open"]
[Site "ND Frydek-Mistek, Czech Republic"]
[Date "2019.04.18"]
[Round "1"]
[White "Adamczewski, Maciej"]
[Black "Petran, Peter"]
[Result "0-1"]
[WhiteElo "2086"]
[BlackElo "2242"]
[PlyCount "0"]
[EventDate "2019.04.18"]

1. d4 g6 2. c4 Bg7 3. Nc3 c5 4. d5 f5 5. g3 Nf6 6. Bg2 d6 7. Nh3 Na6 8. Bf4 Nc7
9. Qd2 h6 10. f3 g5 11. Be3 O-O 12. Nf2 Nh5 13. Nd3 e5 14. Bf2 Nf6 15. e4 fxe4
16. Nxe4 b5 17. b3 Nxe4 18. fxe4 Ba6 19. Rc1 Rb8 20. O-O bxc4 21. bxc4 Qd7 22.
Qa5 Rb6 23. Rfe1 Bc8 24. Be3 Ra6 25. Qd2 Qa4 26. Rc2 Qa5 27. Qe2 Ne8 28. Rb1
Nf6 29. Nf2 Bd7 30. Bd2 Qc7 31. Rcb2 Rb6 32. Qd3 Qb7 33. Rxb6 axb6 34. Qb3 Rb8
35. a4 Bc8 36. Bf1 Qa7 37. Be2 Bf8 38. Kg2 Be7 39. h3 Bd7 40. Bd1 Bd8 41. Bc2
Ra8 42. Ra1 Be8 43. Ra3 Qg7 44. Bd1 h5 45. Qe3 Nh7 46. Kh2 Nf8 47. Be2 Kh7 48.
Qb3 Qf6 49. Kg2 Ra7 50. Qd1 Qg6 51. Kh2 Nd7 52. Rf3 Nf6 53. Rf5 Bxa4 54. Qh1
Ne8 55. Qf3 Ng7 56. Rf8 Be8 57. Qb3 Be7 58. Rf3 Ra6 59. Nd1 Kg8 60. Qb1 g4 61.
hxg4 hxg4 62. Rc3 Bd7 63. Nf2 Bg5 64. Qe1 Qh6+ 0-1

[Event "40. Turnaj sachovych nadeji - Pobeskydi Open"]
[Site "ND Frydek-Mistek, Czech Republic"]
[Date "2019.04.18"]
[Round "1"]
[White "Walek, Petr"]
[Black "Babula, Vlastimil"]
[Result "1-0"]
[WhiteElo "2241"]
[BlackElo "2074"]
[PlyCount "0"]
[EventDate "2019.04.18"]

1. e4 c5 2. Nf3 Nc6 3. d4 cxd4 4. Nxd4 Nf6 5. Nc3 e5 6. Ndb5 d6 7. Bg5 a6 8.
Na3 b5 9. Bxf6 gxf6 10. Nd5 f5 11. g3 Bg7 12. Bg2 fxe4 13. Bxe4 Bb7 14. Qg4 Bh6
15. c3 Rb8 16. O-O Qg5 17. Qf3 Nd8 18. h4 Qg7 19. Nc7+ Kd7 20. Bxb7 Kxc7 21.
Bxa6 Rf8 22. Rad1 Rb6 23. Nxb5+ Kd7 24. Qd5 Qf6 25. Na7 Rg8 26. Qc4 Bf4 27.
Bb5+ Ke7 28. Nc8+ Kf8 29. Nxb6 Qxh4 30. Rd3 Qh3 31. Qc8 Rg4 32. Qxd8+ Kg7 33.
Nd7 e4 34. Qf6+ Kg8 35. Bc4 h5 36. Bxf7+ Kh7 37. Nf8# 1-0

[Event "40. Turnaj sachovych nadeji - Pobeskydi Open"]
[Site "ND Frydek-Mistek, Czech Republic"]
[Date "2019.04.18"]
[Round "1"]
[White "Sowa, Wiktoria"]
[Black "Kratochvil, Vit"]
[Result "1-0"]
[WhiteElo "2066"]
[BlackElo "2228"]
[PlyCount "0"]
[EventDate "2019.04.18"]

1. e4 c5 2. Nf3 g6 3. d4 cxd4 4. Nxd4 Bg7 5. c4 Nc6 6. Nc2 Nf6 7. Nc3 d6 8. Be2
Bd7 9. O-O O-O 10. Be3 a5 11. h3 a4 12. Qd2 Qa5 13. Rfd1 Rfc8 14. f4 Be6 15.
Rac1 Nd7 16. Na3 Nc5 17. Nab5 Qb4 18. e5 Bxc4 19. Bxc4 Qxc4 20. exd6 Rd8 21.
Nc7 Rxd6 22. N3d5 Rxd5 23. Nxd5 Ne4 24. Rxc4 Nxd2 25. Rxd2 1-0

[Event "40. Turnaj sachovych nadeji - Pobeskydi Open"]
[Site "ND Frydek-Mistek, Czech Republic"]
[Date "2019.04.18"]
[Round "1"]
[White "Matras, Ondrej"]
[Black "Miculka, Petr"]
[Result "1-0"]
[WhiteElo "2221"]
[BlackElo "2041"]
[PlyCount "0"]
[EventDate "2019.04.18"]

1. d4 Nf6 2. c4 g6 3. f3 Bg7 4. e4 d6 5. Nc3 O-O 6. Be3 e5 7. d5 c6 8. Qd2 cxd5
9. cxd5 Ne8 10. Bd3 f5 11. exf5 gxf5 12. O-O-O Nd7 13. Kb1 Nc5 14. Bc2 a5 15.
Nge2 Bd7 16. Ng3 Qh4 17. Bg5 Qc4 18. Nh5 b5 19. Nxg7 Nxg7 20. Be7 b4 21. Ne2 a4
22. Bxf8 Kxf8 23. Rc1 Qb5 24. Bd1 f4 25. g4 Be8 26. Rxc5 Qxc5 27. Bc2 b3 28.
Bxh7 bxa2+ 29. Ka1 Bf7 30. Be4 Ne8 31. g5 Nc7 32. Rc1 Qb6 33. g6 Bg8 34. Rc6
Qa7 35. Nxf4 exf4 36. Qxf4+ Kg7 37. Qxd6 Nxd5 38. Bxd5 Qd4 39. Rc7+ Kh6 40. g7+
Kh5 41. Bf7+ 1-0

[Event "40. Turnaj sachovych nadeji - Pobeskydi Open"]
[Site "ND Frydek-Mistek, Czech Republic"]
[Date "2019.04.18"]
[Round "1"]
[White "Kolasin, Jan"]
[Black "Horak, Jan"]
[Result "0-1"]
[WhiteElo "2036"]
[BlackElo "2158"]
[PlyCount "0"]
[EventDate "2019.04.18"]

1. e4 c5 2. Nf3 e6 3. d4 cxd4 4. Nxd4 Nc6 5. Nc3 a6 6. Be3 d6 7. Qd2 Nf6 8. f3
Be7 9. O-O-O Qc7 10. Kb1 Ne5 11. g4 b5 12. g5 Nfd7 13. f4 Nc4 14. Bxc4 bxc4 15.
f5 Ne5 16. Qe2 Rb8 17. Rdf1 Qb7 18. b3 Qb4 19. Nd1 cxb3 20. axb3 g6 21. Nb2 a5
22. Nd3 Qc3 23. fxe6 fxe6 24. Nxe5 dxe5 25. Nf3 a4 26. Qd3 Rxb3+ 0-1

[Event "40. Turnaj sachovych nadeji - Pobeskydi Open"]
[Site "ND Frydek-Mistek, Czech Republic"]
[Date "2019.04.18"]
[Round "1"]
[White "Shilov, Sergej"]
[Black "Bensadi, Lotfi"]
[Result "0-1"]
[WhiteElo "2158"]
[BlackElo "2036"]
[PlyCount "0"]
[EventDate "2019.04.18"]

1. c4 e5 2. Nc3 Nf6 3. g3 Bb4 4. Bg2 Nc6 5. Nd5 Bc5 6. d3 h6 7. e3 d6 8. Ne2 a6
9. O-O O-O 10. a3 Ba7 11. b4 Nxd5 12. cxd5 Ne7 13. d4 f6 14. Bb2 Bd7 15. Rc1
Rc8 16. Qb3 Qe8 17. h3 Kh8 18. e4 Qh5 19. g4 Qf7 20. a4 c6 21. Kh2 cxd5 22.
Rxc8 Rxc8 23. f4 Qe8 24. b5 axb5 25. dxe5 bxa4 26. Qxb7 Rb8 27. Qxa7 Rxb2 28.
Nc3 dxe5 29. exd5 Ng6 30. f5 Nf4 31. Rf2 Rxf2 32. Qxf2 Qc8 33. Qb2 Qc5 34. Ne4
Qb5 35. Qa3 Nxd5 36. Qf8+ Kh7 37. Nd6 Qc5 38. Bxd5 Qxd5 39. Nf7 Qd2+ 40. Kg3
Qe1+ 0-1

[Event "40. Turnaj sachovych nadeji - Pobeskydi Open"]
[Site "ND Frydek-Mistek, Czech Republic"]
[Date "2019.04.18"]
[Round "1"]
[White "Gnojek, Petr"]
[Black "Seddaoui, Yamine"]
[Result "0-1"]
[WhiteElo "2016"]
[BlackElo "2158"]
[PlyCount "0"]
[EventDate "2019.04.18"]

1. d4 d5 2. c4 e6 3. Nf3 c6 4. Nc3 dxc4 5. a4 Bb4 6. e3 b5 7. Bd2 a5 8. axb5
Bxc3 9. Bxc3 cxb5 10. b3 Bb7 11. bxc4 b4 12. Bb2 Nf6 13. Bd3 Nbd7 14. O-O O-O
15. Nd2 Qc7 16. f4 Rfd8 17. e4 Nc5 18. Qe2 Nxd3 19. Qxd3 a4 20. d5 exd5 21.
exd5 Nd7 22. Rf3 Nc5 23. Qf5 Ra6 24. Re1 a3 25. Rh3 Rg6 26. Qh5 h6 27. Bd4 Qxf4
28. Be3 Qd6 29. Nf3 Re8 30. Nd4 Bc8 31. Nf5 Qf6 32. Rf1 Bxf5 33. Rxf5 Qb2 34.
Rf2 a2 0-1

[Event "40. Turnaj sachovych nadeji - Pobeskydi Open"]
[Site "ND Frydek-Mistek, Czech Republic"]
[Date "2019.04.18"]
[Round "1"]
[White "Havelka, Ondrej"]
[Black "Laurincova, Kristyna"]
[Result "1-0"]
[WhiteElo "2156"]
[BlackElo "2014"]
[PlyCount "0"]
[EventDate "2019.04.18"]

1. d4 Nf6 2. c4 c5 3. d5 b5 4. cxb5 a6 5. f3 d6 6. e4 Nbd7 7. bxa6 Bxa6 8. Bxa6
Rxa6 9. Ne2 g6 10. O-O Bg7 11. Nec3 O-O 12. a4 Qa8 13. Nb5 Qb7 14. N1c3 Rfa8
15. b3 Ne8 16. Ra2 Rb6 17. Qc2 Nb8 18. Bd2 Na6 19. Rb2 Nb4 20. Qb1 Nc7 21. Na3
e6 22. Nc4 Rba6 23. e5 Ncxd5 24. Nxd5 Qxd5 25. Rd1 Qd4+ 26. Be3 Qh4 27. exd6
Nd5 28. Bf2 Qg5 29. Rbd2 Nc3 30. Qc2 Nxd1 31. Rxd1 Rc6 32. Qe4 Rca6 33. Bh4 Qh6
34. d7 Bd4+ 35. Rxd4 Qc1+ 36. Kf2 cxd4 37. Qxd4 Qc2+ 38. Kg3 Qxb3 39. d8=Q+
Rxd8 40. Qxd8+ Kg7 41. Bf6+ Kh6 42. Qf8+ Kh5 43. Kh3 Qxf3+ 44. gxf3 1-0

[Event "40. Turnaj sachovych nadeji - Pobeskydi Open"]
[Site "ND Frydek-Mistek, Czech Republic"]
[Date "2019.04.18"]
[Round "1"]
[White "Stalmach, Richard"]
[Black "Pilch, Roman"]
[Result "1-0"]
[WhiteElo "1991"]
[BlackElo "2148"]
[PlyCount "0"]
[EventDate "2019.04.18"]

1. d4 Nf6 2. c4 c5 3. d5 b5 4. cxb5 a6 5. f3 e6 6. e4 exd5 7. e5 Qe7 8. Qe2 Ng8
9. Nc3 Bb7 10. Nh3 Qd8 11. Bg5 Be7 12. Bd2 d6 13. e6 f5 14. Qd3 d4 15. Qxf5 Nf6
16. Ne4 O-O 17. Nhg5 Bxe4 18. fxe4 axb5 19. Be2 Qb6 20. O-O d3 21. Bh5 c4+ 22.
Kh1 Nc6 23. Bf7+ Kh8 24. Qh3 h6 25. Be3 Qb7 26. Bg6 Ne5 27. Nf7+ Nxf7 28. exf7
Bd8 29. Rxf6 Bxf6 30. Bxh6 Rxf7 31. Bf4+ Kg8 32. Qh7+ Kf8 33. Bxd6+ Ke8 34.
Qg8+ Kd7 35. Qxf7+ Kc6 36. Qd5+ Kb6 37. Qc5+ 1-0

[Event "40. Turnaj sachovych nadeji - Pobeskydi Open"]
[Site "ND Frydek-Mistek, Czech Republic"]
[Date "2019.04.18"]
[Round "1"]
[White "Vilimova, Julie"]
[Black "Mrazik, Tomas"]
[Result "0-1"]
[WhiteElo "1818"]
[BlackElo "1991"]
[PlyCount "0"]
[EventDate "2019.04.18"]

1. d4 Nf6 2. c4 e6 3. Nc3 Bb4 4. Qc2 c5 5. dxc5 Bxc5 6. Bf4 a6 7. e3 Nc6 8. a3
O-O 9. Nf3 d5 10. Rd1 Qa5 11. Bd3 dxc4 12. Bxc4 b5 13. Bd3 b4 14. axb4 Nxb4 15.
Qa4 Qxa4 16. Nxa4 Nxd3+ 17. Rxd3 Bb4+ 18. Ke2 a5 19. Nb6 Ra6 20. Nxc8 Rxc8 21.
Rhd1 Nd5 22. Be5 f6 23. Bd4 Rc2+ 24. Kf1 Rac6 25. Bxf6 gxf6 26. Nd4 Kf7 27.
Nxc6 Rxc6 28. g3 Rc2 29. e4 Ne7 30. b3 Nc6 31. Rd7+ Kg6 32. h4 Ne5 33. h5+ Kh6
34. Rb7 Ng4 35. Rdd7 Rxf2+ 36. Kg1 Bf8 37. Rf7 Kxh5 38. Rxf8 h6 39. Rb5+ e5 40.
Rxa5 Rf3 41. b4 Rxg3+ 42. Kf1 Rf3+ 43. Kg2 Rf4 44. b5 Rxe4 45. b6 Rb4 46. Rb8
Rb2+ 47. Kg1 Kh4 48. b7 e4 49. Ra7 Kg3 50. Ra3+ Kf4 51. Kf1 e3 52. Rc8 Rxb7 53.
Ra4+ Kf3 54. Rc1 Rb2 55. Re1 h5 56. Kg1 Rg2+ 0-1

[Event "40. Turnaj sachovych nadeji - Pobeskydi Open"]
[Site "ND Frydek-Mistek, Czech Republic"]
[Date "2019.04.18"]
[Round "1"]
[White "Barak, David"]
[Black "Broz, Petr"]
[Result "1/2-1/2"]
[WhiteElo "1979"]
[BlackElo "1805"]
[PlyCount "0"]
[EventDate "2019.04.18"]

1. d4 Nf6 2. c4 g6 3. Nc3 Bg7 4. e4 d6 5. Nf3 O-O 6. Be2 e5 7. d5 a5 8. Bg5 Na6
9. Nd2 Nc5 10. O-O h6 11. Be3 Nfd7 12. Rb1 f5 13. exf5 gxf5 14. f4 exf4 15.
Bxf4 Be5 16. Qc2 Qe7 17. Rbe1 Bxf4 18. Rxf4 Qe3+ 19. Rf2 Ne5 20. Ref1 f4 21.
Nd1 Qd4 22. Qc3 Qxc3 23. Nxc3 Ned3 24. Bxd3 Nxd3 25. Rf3 Bf5 26. Nde4 Nxb2 27.
Rxf4 Bg6 28. Nb5 Rxf4 29. Rxf4 Nd3 30. Nf6+ Kg7 31. Rf1 Rf8 32. Ng4 Rxf1+ 33.
Kxf1 Nb4 34. a3 Bd3+ 35. Kf2 Bxc4 36. axb4 Bxb5 37. bxa5 h5 38. Ne3 Kf6 39. g4
hxg4 40. Nxg4+ Kg5 41. Kg3 Bd3 42. Ne3 b6 43. axb6 cxb6 44. Kf3 b5 45. Nd1 b4
46. Nb2 Bc2 47. Ke3 Kg4 48. Kd4 Kf3 49. Nc4 b3 50. Kc3 Ke4 51. Nxd6+ Kxd5 52.
Nc4 Ke4 53. Nd2+ Kf4 54. Nxb3 Bxb3 55. Kxb3 Kg4 56. h3+ Kxh3 1/2-1/2

[Event "40. Turnaj sachovych nadeji - Pobeskydi Open"]
[Site "ND Frydek-Mistek, Czech Republic"]
[Date "2019.04.18"]
[Round "1"]
[White "Weis, Dusan"]
[Black "Svizensky, Lubos"]
[Result "1/2-1/2"]
[WhiteElo "1790"]
[BlackElo "1972"]
[PlyCount "0"]
[EventDate "2019.04.18"]

1. e4 c6 2. d4 d5 3. exd5 cxd5 4. c4 Nf6 5. Nf3 Nc6 6. Be3 e6 7. c5 Be7 8. a3
a5 9. Nc3 O-O 10. Bd3 b6 11. cxb6 Qxb6 12. Na4 Qa7 13. Rc1 Nb8 14. Ne5 Ba6 15.
O-O Bxd3 16. Qxd3 Qa6 17. Qd2 Nbd7 18. Rc6 Qb5 19. Qc2 Ra6 20. Rxa6 Qxa6 21.
Rc1 Bd6 22. Nxd7 Nxd7 23. Qc6 Qxc6 24. Rxc6 Be7 1/2-1/2

[Event "40. Turnaj sachovych nadeji - Pobeskydi Open"]
[Site "ND Frydek-Mistek, Czech Republic"]
[Date "2019.04.18"]
[Round "1"]
[White "Vantuch, Lucian"]
[Black "Atmani, Amine"]
[Result "1-0"]
[WhiteElo "1964"]
[BlackElo "1785"]
[PlyCount "0"]
[EventDate "2019.04.18"]

1. e4 e6 2. d4 d5 3. Nd2 Nf6 4. Bd3 c5 5. c3 Nc6 6. Ngf3 cxd4 7. cxd4 dxe4 8.
Nxe4 Bb4+ 9. Nc3 O-O 10. O-O h6 11. Bc2 Ba5 12. a3 Ne7 13. Qd3 Ng6 14. h4 Bxc3
15. bxc3 Qc7 16. g3 b6 17. h5 Ne7 18. Bf4 Qc6 19. Ne5 Qd5 20. Ng4 Nf5 21. Nxf6+
gxf6 22. g4 Bb7 23. f3 Ba6 24. Qxa6 Nxd4 25. Qd3 Nxc2 26. Qxd5 exd5 27. Ra2
Nxa3 28. Rxa3 1-0

[Event "40. Turnaj sachovych nadeji - Pobeskydi Open"]
[Site "ND Frydek-Mistek, Czech Republic"]
[Date "2019.04.18"]
[Round "2"]
[White "Burdalev, Kirill"]
[Black "Havelka, Ondrej"]
[Result "1/2-1/2"]
[WhiteElo "2389"]
[BlackElo "2156"]
[PlyCount "0"]
[EventDate "2019.04.18"]

1. d4 Nf6 2. Nf3 d5 3. Bf4 c5 4. e3 Nc6 5. Nbd2 cxd4 6. exd4 Qb6 7. Nb3 Bg4 8.
Be2 e6 9. O-O Be7 10. a4 a5 11. h3 Bh5 12. Ne5 Bxe2 13. Qxe2 O-O 14. Rfd1 Rfc8
15. Rab1 Ne4 16. Nd7 Qd8 17. Ne5 Qb6 18. Nf3 Bf6 19. Ra1 Ne7 20. Be5 Nf5 21.
Bxf6 gxf6 22. Ra3 1/2-1/2

[Event "40. Turnaj sachovych nadeji - Pobeskydi Open"]
[Site "ND Frydek-Mistek, Czech Republic"]
[Date "2019.04.18"]
[Round "2"]
[White "Horak, Jan"]
[Black "Bakalarz, Mietek"]
[Result "1/2-1/2"]
[WhiteElo "2158"]
[BlackElo "2268"]
[PlyCount "0"]
[EventDate "2019.04.18"]

1. d4 Nf6 2. Nc3 d5 3. Bf4 Bf5 4. f3 e6 5. g4 Bg6 6. h4 h5 7. g5 Ng8 8. e4 Bb4
9. Bg2 c5 10. a3 Bxc3+ 11. bxc3 Ne7 12. Ne2 b6 13. Be5 O-O 14. O-O Nbc6 15. Bg3
Qd7 16. Bf2 cxd4 17. cxd4 Rfd8 18. c3 Rac8 19. Nf4 Na5 20. Be1 Nc4 21. Qe2 Qc7
22. Bg3 Nd6 23. Nxg6 Nxg6 24. Rfc1 Qc4 25. Qe3 Qc6 26. a4 Re8 27. Qd3 dxe4 28.
fxe4 e5 29. dxe5 Nxe5 30. Qd4 Ndc4 31. Rd1 Qe6 32. Qf2 Red8 33. Rd4 Ng4 34. Qf5
Nce3 35. Qxe6 fxe6 36. Bf3 e5 37. Bxg4 Nxg4 38. Rxd8+ Rxd8 39. a5 b5 40. a6 Kf7
41. Ra5 Rd3 42. Be1 Rd1 43. Kf1 Rb1 44. Ke2 Ke6 45. Ra2 g6 46. Ra5 Kd6 47. Bg3
Rb2+ 48. Kd3 Kc5 49. Be1 Rb1 50. c4 Rb3+ 51. Bc3 Nf2+ 52. Kc2 Kxc4 53. Bxe5
Nxe4 54. Bb8 Rc3+ 55. Kb2 Kb4 56. Ra1 Rb3+ 57. Kc2 Rc3+ 58. Kb2 Re3 59. Rd1
Re2+ 60. Kc1 Ka5 61. Rd7 Kxa6 62. Rxa7+ Kb6 63. Rg7 b4 64. Rxg6+ Kc5 65. Be5 b3
66. Kd1 b2 67. Bxb2 Rxb2 68. Rg8 Rg2 69. Rf8 Kd4 70. Rf7 Ke3 71. Rh7 Ng3 72. g6
Rd2+ 73. Kc1 Rd6 74. Rh6 Rd8 75. g7 Rg8 76. Rg6 Nf5 77. Rg5 Nxg7 78. Kc2 Rc8+
79. Kb3 Rc7 80. Kb4 Rf7 81. Kc3 Rf4 82. Rxg7 Rxh4 83. Rh7 Rh2 84. Re7+ Kf3 85.
Kd3 h4 86. Rf7+ Kg3 87. Ke3 Ra2 88. Rg7+ Kh2 89. Kf3 h3 90. Rg8 Kh1 91. Rg7 h2
92. Rg8 Ra1 93. Kf2 Ra2+ 1/2-1/2

[Event "40. Turnaj sachovych nadeji - Pobeskydi Open"]
[Site "ND Frydek-Mistek, Czech Republic"]
[Date "2019.04.18"]
[Round "2"]
[White "Petran, Peter"]
[Black "Sowa, Wiktoria"]
[Result "1-0"]
[WhiteElo "2242"]
[BlackElo "2066"]
[PlyCount "0"]
[EventDate "2019.04.18"]

1. g3 e5 2. c4 Nf6 3. Bg2 d5 4. cxd5 Nxd5 5. Nc3 Nb6 6. d3 Be7 7. a3 O-O 8. Be3
Re8 9. Rc1 Bf8 10. Nf3 Nc6 11. O-O Nd4 12. Ne4 Bg4 13. Bxd4 exd4 14. Re1 c6 15.
Qc2 Qd7 16. Nc5 Bxc5 17. Qxc5 Rad8 18. Ne5 Qe6 19. Nxg4 Qxg4 20. Bf3 Qh3 21.
Qa5 Nc8 22. b4 a6 23. Qg5 Qe6 24. Qc5 Qd6 25. Rc4 Re5 26. Qxd6 Rxd6 27. Rc5 f6
28. a4 Nb6 29. Ra1 Nd7 30. Rc2 Nb6 31. Rb2 Rd7 32. h4 Rde7 33. Kf1 Kf7 34. Be4
g6 35. f4 R5e6 36. Bf3 Rd6 37. Kf2 Nd5 38. Rb3 Nc3 39. Kf1 Nd5 40. Rc1 Nc3 41.
Ra3 Nd5 42. Rb1 Nc3 43. Rbb3 Re3 44. Rxc3 dxc3 45. Rxc3 Rd4 46. Rb3 Re7 47. a5
Red7 48. Ke1 f5 49. Kd2 Kf6 50. e3 R4d6 51. d4 h6 52. g4 Re7 53. Rb1 Rde6 54.
Re1 Rd6 55. Kd3 Rde6 56. Re2 Rd6 57. Re1 Rde6 58. h5 gxh5 59. gxf5 Kxf5 60.
Bxh5 Rg7 61. e4+ Kxf4 62. Rf1+ Kg5 63. Rg1+ Kxh5 64. Rxg7 Rg6 65. Rxb7 Kg4 66.
d5 h5 67. Rb6 h4 68. Rxc6 Rg7 69. Rh6 h3 70. Kd4 Kg3 71. d6 h2 72. Kd5 Rg5+ 73.
e5 Rg4 74. Rxh2 Kxh2 75. d7 Rg8 76. e6 Rh8 1-0

[Event "40. Turnaj sachovych nadeji - Pobeskydi Open"]
[Site "ND Frydek-Mistek, Czech Republic"]
[Date "2019.04.18"]
[Round "2"]
[White "Seddaoui, Yamine"]
[Black "Walek, Petr"]
[Result "0-1"]
[WhiteElo "2158"]
[BlackElo "2241"]
[PlyCount "0"]
[EventDate "2019.04.18"]

1. e4 c5 2. Nc3 Nc6 3. Nf3 g6 4. g3 Bg7 5. Bg2 d6 6. O-O Rb8 7. a4 a6 8. b3 e6
9. Bb2 Nge7 10. Qc1 O-O 11. Ne2 e5 12. Nh4 g5 13. Nf3 h6 14. d3 Bg4 15. h3 Be6
16. g4 d5 17. Ng3 Ng6 18. Nh5 Bh8 19. Re1 dxe4 20. dxe4 Nd4 21. Re3 c4 22. b4
Qe7 23. Bc3 Nf4 24. Ng3 Rfd8 25. Qb2 Rd7 26. Kh2 Qd8 27. Nf5 Kh7 28. Ng3 Qc7
29. Ree1 Rbd8 30. Nf5 Bxf5 31. gxf5 Re8 32. Rad1 Red8 33. Ra1 Bf6 34. Rab1 Kg7
35. Ra1 h5 36. Bh1 g4 37. Ng1 Kh7 38. Rad1 Bh4 39. Rf1 Rg8 40. Be1 Qd8 41. c3
Qg5 42. Bg2 gxh3 43. Bxh3 Qxg1+ 0-1